<?xml version="1.0" encoding="UTF-8"?>
<record
    xmlns:xsi="http://www.w3.org/2001/XMLSchema-instance"
    xsi:schemaLocation="http://www.loc.gov/MARC21/slim http://www.loc.gov/standards/marcxml/schema/MARC21slim.xsd"
    xmlns="http://www.loc.gov/MARC21/slim">

  <leader>02388nam a2200325 u 4500</leader>
  <controlfield tag="001">862996</controlfield>
  <controlfield tag="005">20260506152316.0</controlfield>
  <controlfield tag="008">040219s2003                        spa  </controlfield>
  <datafield tag="020" ind1=" " ind2=" ">
    <subfield code="a">9586825124</subfield>
  </datafield>
  <datafield tag="035" ind1=" " ind2=" ">
    <subfield code="a">862996</subfield>
  </datafield>
  <datafield tag="035" ind1=" " ind2=" ">
    <subfield code="a">(OCoLC)318265802</subfield>
  </datafield>
  <datafield tag="040" ind1=" " ind2=" ">
    <subfield code="c">comduadb</subfield>
  </datafield>
  <datafield tag="041" ind1=" " ind2=" ">
    <subfield code="a">spa</subfield>
  </datafield>
  <datafield tag="080" ind1=" " ind2=" ">
    <subfield code="a">INV</subfield>
  </datafield>
  <datafield tag="100" ind1="1" ind2="0">
    <subfield code="a">Seruzier, Michel</subfield>
    <subfield code="4">aut</subfield>
    <subfield code="e">aut</subfield>
    <subfield code="9">540742</subfield>
  </datafield>
  <datafield tag="245" ind1="1" ind2="0">
    <subfield code="a">Medir la econom&#xED;a de los paises seg&#xFA;n el sistema de cuentas nacionales</subfield>
  </datafield>
  <datafield tag="260" ind1=" " ind2=" ">
    <subfield code="a">Bogot&#xE1; :</subfield>
    <subfield code="b">Alfaomega,</subfield>
    <subfield code="c">2003.</subfield>
  </datafield>
  <datafield tag="300" ind1=" " ind2=" ">
    <subfield code="a">700 p&#xE1;ginas</subfield>
  </datafield>
  <datafield tag="505" ind1=" " ind2=" ">
    <subfield code="a">CONTENIDO: 1. Contabilidad nacional y an&#xE1;lisis econ&#xF3;mico -- 2. Elaboraci&#xF3;n de las cuentas nacionales -- 3. La arquitectura contable del sistema -- 4. Tratamiento de los datos contables de las unidades institucionales -- 5. El sector del Gobierno General -- 6. El sector de las sociedades no financieras -- 7. El sector de las sociedades financieras -- 8. Los otros sectores institucionales (Hogares, ISFL, resto del mundo) -- 9. Producci&#xF3;n, empleo y econom&#xED;a informal -- 10. Los bienes y servicios y el cuadro de oferta y utilizaci&#xF3;n (COU) -- 11. Elaboraci&#xF3;n de los elementos transversales del COU -- 12. La producci&#xF3;n de las industrias (ramas de actividad) -- 13. Las etapas de la s&#xED;ntesis del COU -- 14. Las series de cuentas -- 15. Flujos y stocks de instrumentos financieros -- 16. Las transacciones distributivas y la s&#xED;ntesis de conjunto -- 17. El entorno necesario para la elaboraci&#xF3;n de las cuentas de la Naci&#xF3;n.</subfield>
  </datafield>
  <datafield tag="520" ind1="3" ind2=" ">
    <subfield code="a">La contabilidad nacional es un instrumento de medicion que provee de manera sistematica informacion acerca dela situacion eocnomica de un pais. A traves de la descripcion de este instrumento, esta obra responde a una necesidad de primer orden: permitir a los usuarios de las cuentas conocer en que modo son elaboradas. Pero su objetivo es contribuir al trabajo de los encargados de elaborar las cuentas nacionales, tanto desde la perspectiva de las tecnicas que deben desarrollar como del espiritu en que han de hacerlo.</subfield>
  </datafield>
  <datafield tag="650" ind1=" " ind2=" ">
    <subfield code="a">Cuentas nacionales</subfield>
    <subfield code="9">615</subfield>
  </datafield>
  <datafield tag="650" ind1=" " ind2=" ">
    <subfield code="a">Contabilidad nacional</subfield>
    <subfield code="9">51922</subfield>
  </datafield>
  <datafield tag="650" ind1=" " ind2=" ">
    <subfield code="a">Stocks</subfield>
    <subfield code="9">78218</subfield>
  </datafield>
  <datafield tag="650" ind1=" " ind2=" ">
    <subfield code="a">Sistema de Cuentas Nacionales</subfield>
    <subfield code="9">105760</subfield>
  </datafield>
  <datafield tag="650" ind1=" " ind2="7">
    <subfield code="a">Instituciones financieras</subfield>
    <subfield code="2">lemb</subfield>
    <subfield code="9">6070</subfield>
  </datafield>
  <datafield tag="650" ind1=" " ind2="7">
    <subfield code="a">Compa&#xF1;&#xED;as de seguros</subfield>
    <subfield code="2">lemb</subfield>
    <subfield code="9">40835</subfield>
  </datafield>
  <datafield tag="650" ind1=" " ind2="7">
    <subfield code="a">Econom&#xED;a informal</subfield>
    <subfield code="2">lemb</subfield>
    <subfield code="9">5823</subfield>
  </datafield>
  <datafield tag="650" ind1=" " ind2=" ">
    <subfield code="a">Sector informal</subfield>
    <subfield code="9">41884</subfield>
  </datafield>
  <datafield tag="942" ind1=" " ind2=" ">
    <subfield code="c">BOOK</subfield>
  </datafield>
  <datafield tag="999" ind1=" " ind2=" ">
    <subfield code="c">309296</subfield>
    <subfield code="d">309296</subfield>
  </datafield>
  <datafield tag="952" ind1=" " ind2=" ">
    <subfield code="0">0</subfield>
    <subfield code="1">0</subfield>
    <subfield code="4">0</subfield>
    <subfield code="7">0</subfield>
    <subfield code="8">GENERAL</subfield>
    <subfield code="a">CIE</subfield>
    <subfield code="b">CIE</subfield>
    <subfield code="d">2004-02-19</subfield>
    <subfield code="i">C818760</subfield>
    <subfield code="l">0</subfield>
    <subfield code="o">INV/33872</subfield>
    <subfield code="p">61000004460894</subfield>
    <subfield code="r">2023-04-25 00:00:00</subfield>
    <subfield code="t">1</subfield>
    <subfield code="w">2023-04-25</subfield>
    <subfield code="y">BOOK</subfield>
  </datafield>
  <datafield tag="952" ind1=" " ind2=" ">
    <subfield code="0">0</subfield>
    <subfield code="1">0</subfield>
    <subfield code="4">0</subfield>
    <subfield code="7">0</subfield>
    <subfield code="8">GEN</subfield>
    <subfield code="a">BC</subfield>
    <subfield code="b">BC</subfield>
    <subfield code="d">2004-06-17</subfield>
    <subfield code="e">Libreria La Fragua</subfield>
    <subfield code="g">65000.00</subfield>
    <subfield code="i">C829368</subfield>
    <subfield code="l">0</subfield>
    <subfield code="o">339.3 S489</subfield>
    <subfield code="p">61000004909690</subfield>
    <subfield code="r">2023-04-25 00:00:00</subfield>
    <subfield code="t">2</subfield>
    <subfield code="w">2023-04-25</subfield>
    <subfield code="y">BOOK</subfield>
  </datafield>
  <datafield tag="952" ind1=" " ind2=" ">
    <subfield code="0">0</subfield>
    <subfield code="1">0</subfield>
    <subfield code="4">0</subfield>
    <subfield code="7">0</subfield>
    <subfield code="8">GEN</subfield>
    <subfield code="a">BC</subfield>
    <subfield code="b">BC</subfield>
    <subfield code="d">2004-09-01</subfield>
    <subfield code="e">Libreria La Fragua</subfield>
    <subfield code="g">65000.00</subfield>
    <subfield code="i">C836429</subfield>
    <subfield code="l">0</subfield>
    <subfield code="o">339.3 S489 e2</subfield>
    <subfield code="p">61000004920794</subfield>
    <subfield code="r">2023-04-25 00:00:00</subfield>
    <subfield code="t">3</subfield>
    <subfield code="w">2023-04-25</subfield>
    <subfield code="y">BOOK</subfield>
  </datafield>
  <datafield tag="952" ind1=" " ind2=" ">
    <subfield code="0">0</subfield>
    <subfield code="1">0</subfield>
    <subfield code="4">0</subfield>
    <subfield code="7">0</subfield>
    <subfield code="8">GEN</subfield>
    <subfield code="a">BC</subfield>
    <subfield code="b">BC</subfield>
    <subfield code="d">2004-09-01</subfield>
    <subfield code="e">Libreria La Fragua</subfield>
    <subfield code="g">65000.00</subfield>
    <subfield code="i">C836430</subfield>
    <subfield code="l">0</subfield>
    <subfield code="o">339.3 S489 e3</subfield>
    <subfield code="p">0556882</subfield>
    <subfield code="r">2023-04-25 00:00:00</subfield>
    <subfield code="t">4</subfield>
    <subfield code="w">2023-04-25</subfield>
    <subfield code="y">BOOK</subfield>
  </datafield>
  <datafield tag="952" ind1=" " ind2=" ">
    <subfield code="0">0</subfield>
    <subfield code="1">0</subfield>
    <subfield code="4">0</subfield>
    <subfield code="7">0</subfield>
    <subfield code="8">GEN</subfield>
    <subfield code="a">BC</subfield>
    <subfield code="b">BC</subfield>
    <subfield code="d">2004-10-26</subfield>
    <subfield code="e">Material adquirido por donaci&#xF3;n</subfield>
    <subfield code="i">C844432</subfield>
    <subfield code="l">0</subfield>
    <subfield code="o">339.3 S489 e4</subfield>
    <subfield code="p">0545553</subfield>
    <subfield code="r">2023-04-25 00:00:00</subfield>
    <subfield code="t">5</subfield>
    <subfield code="w">2023-04-25</subfield>
    <subfield code="y">BOOK</subfield>
  </datafield>
</record>
